000 00968naa a22002777a 4500
001 BR9606718
003 BR-BrBNA
005 20240918181555.0
007 ta
008 230509b bl.||||| |||| 00| 0 por d
040 _aBR-BrBNA
_bpor
_cBiblioteca Nacional de Agricultura
041 _a(Pt)
072 _aF01
_b0710
090 _aF01 BR9606718
100 1 _aZancan, C.
111 1 _a2. Encontro de Tecnologia em Fruticultura de Clima Temperado
_cVacaria, RS (Brazil)
_d16-19 Aug 1995
245 1 _aConducao das macieiras
260 3 _aVacaria, RS (Brasil):
_c1995.
500 _a2. Encontro de Tecnologia em Fruticultura de Clima Temperado Vacaria, RS (Brasil): 1995. p. 13-15 (BR9606718-AM)F01
650 _aMaca
650 _aPoda
650 _aTutoramento
773 0 _t2. Encontro de Tecnologia em Fruticultura de Clima Temperado
_wF01 BR9606718
_gVacaria, RS (Brasil), 1995. p. 13-15
909 _a202404
_bLucia
_c55
_dLucia Elande
942 _cAM
_2AGRIS
999 _c325891
_d325891